000
00265nam a22000977a 4500
999
_c
11673
_d
11673
008
191126b ||||| |||| 00| 0 eng d
020
_a
9789380278568
100
_a
Stevenson Louis Robert
_9
7375
245
_a
Treasure Island
260
_a
New Delhi
_b
Paper Clip Books
_c
2019